International law situations
Guardat en:
| Autor corporatiu: | |
|---|---|
| Format: | Llibre |
| Idioma: | Undetermined |
| Publicat: |
Washington
United States Government Printing Office
1940
|
| Matèries: | |
| Etiquetes: |
Afegir etiqueta
Sense etiquetes, Sigues el primer a etiquetar aquest registre!
|
| Thư viện lưu trữ: | Trung tâm Học liệu Trường Đại học Cần Thơ |
|---|
| LEADER | 00528nam a2200181Ia 4500 | ||
|---|---|---|---|
| 001 | CTU_89629 | ||
| 008 | 210402s9999 xx 000 0 und d | ||
| 082 | |a 341.3 | ||
| 082 | |b N318 | ||
| 110 | |a Naval War College | ||
| 245 | 0 | |a International law situations | |
| 245 | 0 | |c Naval War College | |
| 260 | |a Washington | ||
| 260 | |b United States Government Printing Office | ||
| 260 | |c 1940 | ||
| 650 | |a International law,War (International law) | ||
| 904 | |i Bằng | ||
| 980 | |a Trung tâm Học liệu Trường Đại học Cần Thơ | ||